书目信息 |
| 题名: |
思想政治教育与学生职业能力培养
|
|
| 作者: | 李规 , 付英慧 , 马仁峰 编著 | |
| 分册: | ||
| 出版信息: | 沈阳 辽海出版社 2019.01 |
|
| 页数: | 320页 | |
| 开本: | 24cm | |
| 丛书名: | ||
| 单 册: | ||
| 中图分类: | G641 , G647.38 | |
| 科图分类: | ||
| 主题词: | 大学生--思想政治教育--中国 , 大学生--职业选择 | |
| 电子资源: | ||
| ISBN: | 978-7-5451-4518-2 | |
| 000 | 01054nam0 2200277 450 | |
| 001 | 0103152705 | |
| 005 | 20201103152733.0 | |
| 010 | @a978-7-5451-4518-2@dCNY70.00 | |
| 100 | @a20190226d2019 em y0chiy50 ea | |
| 101 | 0 | @achi |
| 102 | @aCN@b210000 | |
| 105 | @ay z 000yy | |
| 106 | @ar | |
| 200 | 1 | @a思想政治教育与学生职业能力培养@Asi xiang zheng zhi jiao yu yu xue sheng zhi ye neng li pei yang@f李规, 付英慧, 马仁峰编著 |
| 210 | @a沈阳@c辽海出版社@d2019.01 | |
| 215 | @a320页@d24cm | |
| 330 | @a本书主要针对思想政治教育的重要性为出发点,进而对学生职业能力培养进行探索。全书共十八章,包括:大学生思想政治教育机制的理论考察、大学生思想政治教育机制的现状把握、大学生思想政治教育机制体系完善的宏观建设、加强高校网络思想政治教育阵地等。 | |
| 606 | 0 | @a大学生@x思想政治教育@y中国 |
| 606 | 0 | @a大学生@x职业选择 |
| 690 | @aG641@v5 | |
| 690 | @aG647.38@v5 | |
| 701 | 0 | @a李规@Ali gui@4编著 |
| 701 | 0 | @a付英慧@Afu ying hui@4编著 |
| 701 | 0 | @a马仁峰@Ama ren feng@4编著 |
| 801 | 0 | @aCN@bBJSZM@c20201103 |
| 905 | @b1258371-5@dG641@e1776@f5 | |
| 思想政治教育与学生职业能力培养/李规, 付英慧, 马仁峰编著.-沈阳:辽海出版社,2019.01 |
| 320页;24cm |
| ISBN 978-7-5451-4518-2:CNY70.00 |
| 本书主要针对思想政治教育的重要性为出发点,进而对学生职业能力培养进行探索。全书共十八章,包括:大学生思想政治教育机制的理论考察、大学生思想政治教育机制的现状把握、大学生思想政治教育机制体系完善的宏观建设、加强高校网络思想政治教育阵地等。 |
| ● |
| 相关链接 |
|
|
|
|
正题名:思想政治教育与学生职业能力培养
索取号:G641/1776
 
预约/预借
| 序号 | 登录号 | 条形码 | 馆藏地/架位号 | 状态 | 备注 |
| 1 | 1258371 | 212583710 | 第一样本阅览室/ [索取号:G641/1776] | 在馆 | |
| 2 | 1258372 | 212583729 | 教育系资料室/ [索取号:G641/1776] | 在馆 | |
| 3 | 1258373 | 212583738 | 教育系资料室/ [索取号:G641/1776] | 在馆 | |
| 4 | 1258374 | 212583747 | 第四借阅区/ [索取号:G641/1776] | 在馆 | |
| 5 | 1258375 | 212583756 | 第四借阅区/ [索取号:G641/1776] | 在馆 |